<?xml version="1.0" encoding="UTF-8"?>
<record
    xmlns:xsi="http://www.w3.org/2001/XMLSchema-instance"
    xsi:schemaLocation="http://www.loc.gov/MARC21/slim http://www.loc.gov/standards/marcxml/schema/MARC21slim.xsd"
    xmlns="http://www.loc.gov/MARC21/slim">

  <leader>00689nam a2200253Ia 4500</leader>
  <controlfield tag="001">AUWbook001124</controlfield>
  <controlfield tag="003">BDCtgAUW</controlfield>
  <controlfield tag="005">20260406154955.0</controlfield>
  <controlfield tag="008">220908s9999    xx            000 0 eng d</controlfield>
  <datafield tag="020" ind1=" " ind2=" ">
    <subfield code="a">0253217032</subfield>
  </datafield>
  <datafield tag="040" ind1=" " ind2=" ">
    <subfield code="a">BDCtgAUW</subfield>
    <subfield code="c">BDCtgAUW</subfield>
  </datafield>
  <datafield tag="050" ind1=" " ind2=" ">
    <subfield code="a">HQ1784.O64</subfield>
  </datafield>
  <datafield tag="245" ind1=" " ind2="0">
    <subfield code="a">Opening the gates :</subfield>
    <subfield code="b">an anthology of arab feminist writing /</subfield>
  </datafield>
  <datafield tag="250" ind1=" " ind2=" ">
    <subfield code="a">Second edition.</subfield>
  </datafield>
  <datafield tag="260" ind1=" " ind2=" ">
    <subfield code="a">Indiana :</subfield>
    <subfield code="b">Indiana University,</subfield>
    <subfield code="c">2004.</subfield>
  </datafield>
  <datafield tag="650" ind1=" " ind2="0">
    <subfield code="a">Feminism.</subfield>
  </datafield>
  <datafield tag="650" ind1=" " ind2="0">
    <subfield code="a">Feminism</subfield>
    <subfield code="z">Arab countries.</subfield>
    <subfield code="9">79613</subfield>
  </datafield>
  <datafield tag="700" ind1="1" ind2=" ">
    <subfield code="a">Badran, Margot.,</subfield>
    <subfield code="e">editor.</subfield>
  </datafield>
  <datafield tag="700" ind1="1" ind2=" ">
    <subfield code="a">Cooke, Miriam.,</subfield>
    <subfield code="e">editor.</subfield>
    <subfield code="9">74508</subfield>
  </datafield>
  <datafield tag="887" ind1=" " ind2=" ">
    <subfield code="a"> BRAC</subfield>
    <subfield code="2">2982</subfield>
  </datafield>
  <datafield tag="888" ind1=" " ind2=" ">
    <subfield code="2">2982</subfield>
  </datafield>
  <datafield tag="942" ind1=" " ind2=" ">
    <subfield code="c">BK</subfield>
    <subfield code="0">0</subfield>
    <subfield code="2">lcc</subfield>
  </datafield>
  <datafield tag="945" ind1=" " ind2=" ">
    <subfield code="c">BK</subfield>
  </datafield>
  <datafield tag="999" ind1=" " ind2=" ">
    <subfield code="c">17122</subfield>
    <subfield code="d">17122</subfield>
  </datafield>
</record>
